Propuesta de cambios en los procesos de manufactura de dos subensambles utilizados en la manufactura de un dispositivo médico por medio de la búsqueda de mejoras en el estado actual para obtener ahorros en materia prima y disminución de defectos

Bewaard in:
Bibliografische gegevens
Hoofdauteur: Andrea Víquez Cabalceta, 1993-
Andere auteurs: Miranda Morales, Bárbara Cristina, 1983- Directora del TFG
Formaat: Boek
Taal:Spanish
Gepubliceerd in: San José, Costa Rica 2022
Onderwerpen:
Tags: Voeg label toe
Geen labels, Wees de eerste die dit record labelt!

MARC

LEADER 00000nam a2200000Ia 4500
003 013647
005 20230612114400.0
008 140114s2022 cr a 000 ||spa d
040 |c cru CEDI 
100 |a Andrea Víquez Cabalceta, 1993-  |9 655 
245 |a Propuesta de cambios en los procesos de manufactura de dos subensambles utilizados en la manufactura de un dispositivo médico por medio de la búsqueda de mejoras en el estado actual para obtener ahorros en materia prima y disminución de defectos 
260 |a San José, Costa Rica   |c 2022 
500 |a Práctica dirigida(licenciatura en ingeniería química)--Universidad de Costa Rica. Facultad de Ingeniería. Escuela de Ingeniería Química 
501 |a Directora de Práctica de Graduación: Dra. Bárbara Miranda Morales 
650 |v MEDICINA - APARATOS E INSTRUMENTO  |x DISPOSITIVOS ELECTROMECANICOS  |x MATERIAS PRIMAS  |x TECNOLOGIA MEDICA   |x CABLES GUIAS - UTILIZACION  |x PROCESOS DE MANUFACTURA - EVALUACION  |x INDUSTRIA DE SUMINISTROS MEDICOS - CONTROL DE LA PRODUCCION 
700 |9 24  |a Miranda Morales, Bárbara Cristina, 1983-  |d Directora del TFG 
942 |c CEDI  |h TFG 8798  |6 TFG_8798_000000000000000 
999 |c 15646  |d 15646